000
00313nam a22001337a 4500
008
170725b xxu||||| |||| 00| 0 eng d
020
_a
9780471920045
041
_a
eng
080
_a
004
100
_a
29
101
_a
SHK
245
_a
SWITCHED-MODE POWER SUPPLIES IN PRACTICE
_c
KILGENSTEIN,O
942
_2
udc
_c
BK
999
_c
21884
_d
21884